| 000 | 00443nam a2200181Ia 4500 | ||
|---|---|---|---|
| 008 | 131103s9999 xx 000 0 und d | ||
| 040 | _aLoreto College | ||
| 041 | _aEnglish | ||
| 082 |
_a920/AUR _bLCBED/12664 |
||
| 100 | _aPaul, S. | ||
| 245 |
_aSri Aurobindo _cS. Paul |
||
| 260 |
_aNew Delhi _bLearners _c1998 |
||
| 300 |
_a79p. _c 20 cm. |
||
| 650 | _aAurobindo, Sri | ||
| 651 | _aBiography | ||
| 850 | _aLCBED/920/AUR | ||
| 942 | _cBK | ||
| 999 |
_c30648 _d81127 |
||